| 000 | 00300nam a22001097a 4500 | ||
|---|---|---|---|
| 082 | _aCP55 | ||
| 100 |
_aLt Col Dr Maqbool Sadiq _950924 |
||
| 245 |
_aPlain reinforced concrete I _bCE-308 Course Pack |
||
| 260 |
_aRisalpur, _bMCE, _c2016. |
||
| 526 |
_a0 _b1 _c0 _dCP_000000000000000_55 |
||
| 942 |
_2ddc _cBKB |
||
| 999 |
_c553679 _d553679 |
||